Peak Items Picture Quiz - Statistics

General Stats
  • This quiz has been taken 3 times
  • The average score is 51 of 97
Answer Stats
Picture Answer % Correct
Egg
100%
Airline Food
67%
Aloe Vera
67%
Antidote
67%
Anti-Rope Cannon
67%
Anti-Rope Spool
67%
Backpack
67%
Balloon
67%
Balloon Bunch
67%
Bandages
67%
Beehive
67%
Big Lollipop
67%
Bing Bong
67%
Binoculars
67%
Blue Berrynana
67%
Brown Berrynana
67%
Bugle
67%
Bugle of Friendship
67%
Cactus
67%
Chain Launcher
67%
Checkpoint Flag
67%
Coconut
67%
Compass
67%
Cooked Bird
67%
Cure-All
67%
Cursed Skull
67%
Dynamite
67%
Energy Drink
67%
Faerie Lantern
67%
First Aid Kit
67%
Flare
67%
Fortified Milk
67%
Honeycomb
67%
Lantern
67%
Magic Bean
67%
Mandrake
67%
Marshmallow
67%
Napberry
67%
Orange Winterberry
67%
Pandora's Lunchbox
67%
Parasol
67%
Pink Berrynana
67%
Pirate's Compass
67%
Piton
67%
Portable Stove
67%
Rope Cannon
67%
Rope Spool
67%
Scorchberry
67%
Scout Cannon
67%
Scout Cookies
67%
Scoutmaster's Bugle
67%
Snowball
67%
Sunscreen
67%
The Book of Bones
67%
Torch
67%
Trail Mix
67%
Yellow Berrynana
67%
Yellow Winterberry
67%
Ancient Idol
33%
Big Egg
33%
Black Clusterberry
33%
Blowgun
33%
Blue Shroomberry
33%
Bounce Fungus
33%
Bugle Shroom
33%
Chubby Shroom
33%
Cloud Fungus
33%
Cluster Shroom
33%
Conch
33%
Flying Disc
33%
Gold Prickleberry
33%
Granola Bar
33%
Green Crispberry
33%
Green Kingberry
33%
Green Shroomberry
33%
Heat Pack
33%
Hot Dog
33%
Medicinal Root
33%
Purple Kingberry
33%
Purple Shroomberry
33%
Red Clusterberry
33%
Red Crispberry
33%
Red Prickleberry
33%
Red Shroomberry
33%
Rescue Claw
33%
Scout Effigy
33%
Scroll
33%
Shelf Fungus
33%
Sports Drink
33%
Strange Gem
33%
Yellow Clusterberry
33%
Yellow Crispberry
33%
Yellow Kingberry
33%
Yellow Shroomberry
33%
Button Shroom
0%
Guidebook
0%
Remedy Fungus
0%
No matching quizzes found
Score Distribution
Percent of People with Each Score
Percentile by Number Answered
Your Score History
You have not taken this quiz